[Event "China zt 3.5 (Women)"]
[Site "Jiangxi"]
[Date "2025.03.30"]
[Round "9"]
[White "Tong, Yiyi"]
[Black "Wang, Yi"]
[Result "0-1"]
[WhiteElo "1717"]
[BlackElo "1791"]
[PlyCount "76"]
[EventDate "2025.03.22"]
[EventType "swiss"]
[EventRounds "9"]
[EventCountry "CHN"]
[SourceTitle "CB14_2025"]
[SourceDate "2024.11.01"]
[SourceVersion "1"]
[SourceVersionDate "2024.11.01"]
[SourceQuality "1"]

1. d4 Nf6 2. c4 e6 3. Nc3 Bb4 4. f3 c5 5. d5 0-0 6. a3 Bxc3+ 7. bxc3 b5 8. dxe6 fxe6 9. cxb5 a6 10. b6 Qxb6 11. e3 Nc6 12. Bd3 Ne5 13. Bc2 Bb7 14. Rb1 Qc7 15. Nh3 Nd5 16. Bd2 Nc4 17. Qc1 Rab8 18. Ng5 Nf6 19. 0-0 Qe5 20. e4 Nxd2 21. Qxd2 c4 22. f4 Qc5+ 23. Kh1 h6 24. e5 Nd5 25. Ne4 Qe3 26. Qd1 Nxc3 27. Nf6+ Rxf6 28. Qxd7 Rxf4 29. Qxe6+ Kh8 30. Qg6 Rxf1+ 31. Rxf1 Be4 32. Qd6 Rg8 33. Bd1 Nxd1 34. Rxd1 Qe2 35. Rg1 c3 36. Qc5 c2 37. e6 Qd2 38. e7 Bxg2+ 0-1

[Event "China zt 3.5 (Women)"]
[Site "Jiangxi"]
[Date "2025.03.27"]
[Round "6"]
[White "Peng, Jingyi"]
[Black "Wang, Yi"]
[Result "1/2-1/2"]
[WhiteElo "1752"]
[BlackElo "1791"]
[PlyCount "100"]
[EventDate "2025.03.22"]
[EventType "swiss"]
[EventRounds "9"]
[EventCountry "CHN"]
[SourceTitle "CB14_2025"]
[SourceDate "2024.11.01"]
[SourceVersion "1"]
[SourceVersionDate "2024.11.01"]
[SourceQuality "1"]

1. d4 Nf6 2. c4 e6 3. Nc3 Bb4 4. e3 0-0 5. Bd3 c5 6. Nge2 Nc6 7. 0-0 b6 8. a3 Bxc3 9. Nxc3 d6 10. Bc2 Ba6 11. Bd3 cxd4 12. exd4 Nxd4 13. Bg5 h6 14. Bh4 Nf5 15. Bxf5 exf5 16. Bxf6 Qxf6 17. Nd5 Qg5 18. f4 Qd8 19. Qd3 Re8 20. Rf3 Re4 21. Rg3 Kh7 22. Qc3 f6 23. Qf3 Qe8 24. Nc7 Re1+ 25. Kf2 Rxa1 26. Nxe8 Rxe8 27. Qh5 Re7 28. Qxf5+ Kh8 29. Re3 Rxe3 30. Kxe3 Bxc4 31. Qc8+ Bg8 32. Ke2 Ra2 33. Qc1 b5 34. Kf3 a5 35. Qd2 a4 36. Kg4 Ra1 37. Qxd6 Rc1 38. Qd2 Be6+ 39. Kf3 Rc8 40. g4 Re8 41. h4 Bc4 42. g5 fxg5 43. hxg5 hxg5 44. fxg5 Re6 45. Kf4 Kg8 46. Kf5 g6+ 47. Kf4 Kf7 48. Qd7+ Kf8 49. Qd8+ Kf7 50. Qd7+ Kf8 1/2-1/2

[Event "China zt 3.5 (Women)"]
[Site "Jiangxi"]
[Date "2025.03.24"]
[Round "3"]
[White "Wang, Yi"]
[Black "Jiang, Tianyu"]
[Result "0-1"]
[WhiteElo "1791"]
[BlackElo "2102"]
[PlyCount "78"]
[EventDate "2025.03.22"]
[EventType "swiss"]
[EventRounds "9"]
[EventCountry "CHN"]
[SourceTitle "CB14_2025"]
[SourceDate "2024.11.01"]
[SourceVersion "1"]
[SourceVersionDate "2024.11.01"]
[SourceQuality "1"]

1. e4 c5 2. Nf3 e6 3. d4 cxd4 4. Nxd4 Nc6 5. Nc3 Qc7 6. Ncb5 Qb8 7. Bd3 Nf6 8. 0-0 Be7 9. Qe2 0-0 10. Bg5 h6 11. Bh4 d6 12. Nxc6 bxc6 13. Nd4 Qb6 14. c3 e5 15. Nf5 Bxf5 16. exf5 Rfe8 17. b4 Nd5 18. Bxe7 Rxe7 19. Qd2 Nf6 20. Rfe1 e4 21. Bf1 d5 22. h3 Rae8 23. Re3 Qc7 24. Qd4 Qf4 25. Qc5 Rc7 26. Qa5 Ree7 27. Rd1 Qxf5 28. c4 Qc8 29. b5 dxc4 30. bxc6 Qe6 31. Rd8+ Kh7 32. Bxc4 Qxc6 33. Bb3 Qc1+ 34. Kh2 Rc5 35. Qb4 Rce5 36. Qb8 Qc7 37. Rh8+ Kg6 38. Qf8 Ng4+ 39. hxg4 Rh5+ 0-1